Statistiques concernant Joueurs du Borussia Dortmund (Partie 1) A-O

Cliquez ici pour prendre le quiz!

Statistiques générales

  • Ce quiz a été pris 14 fois
  • Le résultat moyen est 23 sur 369

Statistiques - réponses

JoueurPays% Correct
Roman BürkiSuisse
85%
Erling Braut HaalandNorvège
77%
Mats HummelsAllemagne
77%
Robert LewandowskiPologne
77%
Manuel AkanjiSuisse
69%
Ousmane DembéléFrance
69%
Pierre-Emerick AubameyangGabon
69%
Thomas MeunierBelgique
69%
Achraf HakimiMaroc
62%
Emre CanAllemagne
62%
Mario GötzeAllemagne
62%
Raphaël GuerreiroPortugal
62%
Thomas DelaneyDanemark
62%
Marwin HitzSuisse
54%
Shinji KagawaJapon
54%
Thorgan HazardBelgique
54%
Kevin GrosskreutzAllemagne
46%
Marcel GrosskreutzAllemagne
46%
Sven BenderAllemagne
46%
DédéBrésil
31%
Felipe SantanaBrésil
31%
Jakub BlaszczykowskiPologne
31%
Jude BellinghamAngleterre
31%
Mahmoud DahoudAllemagne
31%
Sebastian KehlAllemagne
31%
Youssoufa MoukokoAllemagne
31%
Emre MorTurquie
23%
Erik DurmAllemagne
23%
Ilkay GündoganAllemagne
23%
Jan KollerRépublique Tchèque
23%
Julian BrandtAllemagne
23%
Lars MüllerAllemagne
23%
Mitchell LangerakAustralie
23%
Torsten FringsAllemagne
23%
Abdou DialloFrance
15%
Alaa BakirAllemagne
15%
Alexander FreiSuisse
15%
Alexander IsakSuède
15%
Ansgar KnauffAllemagne
15%
Ciro ImmobileItalie
15%
Damien Le TallecFrance
15%
Dirk HofmannAllemagne
15%
Florian KringeAllemagne
15%
Jonas HofmannAllemagne
15%
Jürgen KohlerAllemagne
15%
Kevin-Prince BoatengGhana
15%
Leonardo BalerdiArgentine
15%
Lucas BarriosParaguay
15%
Michy BatshuayiBelgique
15%
Oliver KirchAllemagne
15%
Stefan DrljacaAllemagne
15%
Stefan HoffmannAllemagne
15%
Stéphane ChapuisatSuisse
15%
Wolfgang BergAllemagne
15%
Andreas HahnAllemagne
8%
André BergdolmoNorvège
8%
Balint BajnerHongrie
8%
Bern MeierAllemagne
8%
David OdonkorAllemagne
8%
Delron BuckleyAfrique du Sud
8%
Detlef MeyerAllemagne
8%
Dong-Won JiCorée du SUd
8%
EwerthonBrésil
8%
Friedhelm MeyerAllemagne
8%
Fritz LehmannAllemagne
8%
Giovanni FedericoItalie
8%
Gonzalo CastroAllemagne
8%
Hans MichelAllemagne
8%
Harald BeyerAllemagne
8%
Helmut GrimmAllemagne
8%
Henrikh MkhitaryanArménie
8%
Herbert FrankAllemagne
8%
Herbert HammerAllemagne
8%
Herbert HeinAllemagne
8%
Herbert MeyerAllemagne
8%
Horst FreundAllemagne
8%
Jacob Bruun LarsenDanemark
8%
Jens LehmannAllemagne
8%
Julio CésarBrésil
8%
Karsten BaumannAllemagne
8%
Khaled NareyAllemagne
8%
Koray GünterAllemagne
8%
Leonardo BittencourtAllemagne
8%
Manuel FriedrichAllemagne
8%
Marc-André KruskaAllemagne
8%
Marc BartraEspagne
8%
Marcel HötteckeAllemagne
8%
Marcio AmorosoBrésil
8%
Martin AmedickAllemagne
8%
Mateu MoreyEspagne
8%
Matthias GinterAllemagne
8%
Mikel MerinoEspagne
8%
Moritz LeitnerAllemagne
8%
Mustafa AminiAustralie
8%
Niclas JensenDanemark
8%
Patrick OwomoyelaAllemagne
8%
Patrik BergerRépublique Tchèque
8%
Rolf MeyerAllemagne
8%
Rüdiger AbramczikAllemagne
8%
Salvatore GambinoAllemagne
8%
Stefan KlosAllemagne
8%
Steffen FreundAllemagne
8%
Thomas FranckAllemagne
8%
Uwe MichelAllemagne
8%
Vladimir ButRussie
8%
Wolfgang FrankAllemagne
8%
Young-Pyo LeeCorée du Sud
8%
Abdenour AmachaibouMaroc
0%
Adnan JanuzajBelgique
0%
Adolf LuckenbachAllemagne
0%
Ahmed MadouniAlgérie
0%
Alexander BadeAllemagne
0%
Alexander ConradAllemagne
0%
Alexander KuschmannAllemagne
0%
Alfred KelbassaAllemagne
0%
Alfred KohlhäuflAllemagne
0%
Alfred MeinsenAllemagne
0%
Alfred MikudaAllemagne
0%
Alfred NiepiekloAllemagne
0%
Alfred NijhuisPays-Bas
0%
Andreas MöllerAllemagne
0%
Andreas OrtkemperAllemagne
0%
Andy EgliSuisse
0%
Antônio da SilvaBrésil
0%
Atli EdvaldssonIslande
0%
August LenzAllemagne
0%
Bashiru GamboGhana
0%
Benjamin KnocheAllemagne
0%
Bernd KlotzAllemagne
0%
Bernd KraussAutriche
0%
Björn MehnertAllemagne
0%
Chris FührichAllemagne
0%
Chris LöweAllemagne
0%
Christian EggertAllemagne
0%
Christian NerlingerAllemagne
0%
Christof OsigusAllemagne
0%
Christopher KullmannAllemagne
0%
Christopher NötheAllemagne
0%
Christoph MetzelderAllemagne
0%
Conor CaseyÉtats-Unis
0%
Daniel GinczekAllemagne
0%
Daniel GordonJamaïque
0%
Dennis GentenaarPays-Bas
0%
Diego KlimowiczArgentine
0%
Dieter GoldbachAllemagne
0%
Dieter MietzAllemagne
0%
Dietmar ErlerAllemagne
0%
Dietmar OttoAllemagne
0%
Dirk HupeAllemagne
0%
Dzenis BurnicAllemagne
0%
Eckhard Berlau-KirschsteinAllemagne
0%
Edmund KasperskiAllemagne
0%
Edwine BakineAllemagne
0%
Eike ImmelAllemagne
0%
Emmanuel KrontirisAllemagne
0%
Erdal EraslanTurquie
0%
Erdal KeserTurquie
0%
Eric OelschlägelAllemagne
0%
Ernst GeschwindAllemagne
0%
Erwin HalfenAllemagne
0%
Erwin KosteddeAllemagne
0%
EvanilsonBrésil
0%
Ewald GöbelAllemagne
0%
FeierabendAllemagne
0%
Ferdinand HeidkampAllemagne
0%
Flavio ConceiçãoBrésil
0%
Francis BugriAllemagne
0%
Franck NjambeCameroun
0%
Frank MillAllemagne
0%
Franz BrungsAllemagne
0%
Franz FarkeAllemagne
0%
Fredi BobicAllemagne
0%
Friedel IbelAllemagne
0%
Friedel MensinkAllemagne
0%
Friedhelm GroppeAllemagne
0%
Georg LindnerAllemagne
0%
Gerd BeerheideAllemagne
0%
Gerd CyliaxAllemagne
0%
Gerd KasperskiAllemagne
0%
Gerhard KleppingerAllemagne
0%
Günter BreitzkeAllemagne
0%
Günter KutowskiAllemagne
0%
Günter MachAllemagne
0%
Günther FalkeAllemagne
0%
Guy DemelCôte d'Ivoire
0%
Hans BüttnerAllemagne
0%
Hans CieslarczykAllemagne
0%
Hans FlügelAllemagne
0%
Hans-Georg DulzAllemagne
0%
Hans-Joachim AndreeAllemagne
0%
Hans-Jürgen KurratAllemagne
0%
Hans KochAllemagne
0%
Hans-Werner EggelingAllemagne
0%
Hans-Werner HartlAllemagne
0%
Harald KonopkaAllemagne
0%
Harry DecheiverPays-Bas
0%
Heiko HerrlichAllemagne
0%
HeinerAllemagne
0%
Heinz-Dieter GreifAllemagne
0%
Heinz JeuschedeAllemagne
0%
Heinz KerkerAllemagne
0%
Heinz KwiatkowskiAllemagne
0%
Heinz OttenAllemagne
0%
Helmut BrachtAllemagne
0%
Helmut HeerenAllemagne
0%
Helmut KapitulskiAllemagne
0%
Helmut NerlingerAllemagne
0%
Hendrik BonmannAllemagne
0%
Herbert ErdmannAllemagne
0%
Herbert KnechtAllemagne
0%
Heribert DemondAllemagne
0%
Holger KammannAllemagne
0%
Hoppy KurratAllemagne
0%
Horst BertlAllemagne
0%
Horst BertramAllemagne
0%
Horst HrubeschAllemagne
0%
Horst KoschmiederAllemagne
0%
IbelAllemagne
0%
Ingo AnderbrüggeAllemagne
0%
Jannik BandowskiAllemagne
0%
Jan-Niklas BesteAllemagne
0%
Jeremy DudziakTunisie
0%
Johannes FocherAllemagne
0%
Jonas HupeAllemagne
0%
Jörg HeinrichAllemagne
0%
Jörg HornAllemagne
0%
Jörn NeumeisterAllemagne
0%
Josef HofmeisterAllemagne
0%
Josef LinneweberAllemagne
0%
Josef LukasiewiczAllemagne
0%
Joseph-Claude GyauÉtats-Unis
0%
Jovan KirovskiÉtats-Unis
0%
Juan FernandezArgentine
0%
Julian KochAllemagne
0%
Jürgen BoduszekAllemagne
0%
Jürgen GrauAllemagne
0%
Karl BracklowAllemagne
0%
Karl EronAllemagne
0%
Karl-Heinz ArtmannAllemagne
0%
Karl-Heinz BrückenAllemagne
0%
Karl-Heinz HenkeAllemagne
0%
Karl LeonhardtAllemagne
0%
Kevin KamplSlovénie
0%
Klaus AckermannAllemagne
0%
Klaus BeckfeldAllemagne
0%
Klaus BrakelmannAllemagne
0%
Klaus GrunendahlAllemagne
0%
Klaus GüntherAllemagne
0%
Klaus OnderaAllemagne
0%
KolodzigAllemagne
0%
Kurt GeitzAllemagne
0%
LeandroBrésil
0%
Lothar EmmerichAllemagne
0%
Lothar GeislerAllemagne
0%
Lothar GeschwendtAllemagne
0%
Lothar HuberAllemagne
0%
Lukas KruseAllemagne
0%
Magnus BergsIslande
0%
Malte MetzelderAllemagne
0%
Manfred BalcerzakAllemagne
0%
Manfred BinzAllemagne
0%
Manfred BurgsmüllerAllemagne
0%
Manfred KoslowskiAllemagne
0%
Marc ArnoldAllemagne
0%
Marcel HalstenbergAllemagne
0%
Marc HeitmeierAllemagne
0%
Marc HornschuhAllemagne
0%
Marco KurzAllemagne
0%
Marco LöringAllemagne
0%
Marian BrezinskiPologne
0%
Markus BrzenskaAllemagne
0%
Markus FeulnerAllemagne
0%
Martin DrillerAllemagne
0%
Martin KreeAllemagne
0%
Marvin BakalorzAllemagne
0%
Marvin DuckschAllemagne
0%
Matthew AmoahGhana
0%
Matthias KleinsteiberAllemagne
0%
Maurice BanachAllemagne
0%
Max MichallekAllemagne
0%
Mehmet AkgünTurquie
0%
Meinolf KochAllemagne
0%
Michael GriehsbachAllemagne
0%
Michael LuschAllemagne
0%
Milos JojicSerbie
0%
Mitsuru MaruokaJapon
0%
Murdo McLeodÉcosse
0%
Nico HillenbrandAllemagne
0%
Nizamettin CaliskanTurquie
0%
Norbert DickelAllemagne
0%
Norbert DörmannAllemagne
0%
Otto AddoGhana
0%
Patricio MargeticArgentine
0%
Patrick FritschAllemagne
0%
Patrick KohlmannIrlande
0%
Paul BurzikAllemagne
0%
Paul HolzAllemagne
0%
Paul JanowskiAllemagne
0%
Paul KoschmiederAllemagne
0%
Paul LambertÉcosse
0%
Paul MarsiskeAllemagne
0%
Peter CzernotzkyAllemagne
0%
Peter EndrulatAllemagne
0%
Peter FrassmannAllemagne
0%
Peter GeyerAllemagne
0%
Philipp DegenSuisse
0%
Philipp LauxAllemagne
0%
Ralf AugustinAllemagne
0%
Ralf LooseAllemagne
0%
Reinhard FabischAllemagne
0%
Reinhold MathesAllemagne
0%
Rico BenatelliAllemagne
0%
Robert KovacCroatie
0%
Robert NikolicAllemagne
0%
Rudi AssauerAllemagne
0%
Rupert GerlAllemagne
0%
Scott BoothÉcosse
0%
Sead KapetanovicBosnie-Herzégovine
0%
Sergej BarbarezBosnie-Herzégovine
0%
Sergey GorlukovichRussie
0%
Siegfried BönighausenAllemagne
0%
Siegfried KöstlerAllemagne
0%
Sigfried HeldAllemagne
0%
Stan LibudaAllemagne
0%
Stefan DemuthAllemagne
0%
Steffen KarlAllemagne
0%
Sunday OlisehNigeria
0%
Tadeusz KrafftPologne
0%
Tamas HajnalHongrie
0%
Tammo HarderAllemagne
0%
Taylan DumanAllemagne
0%
Terrence BoydÉtats-Unis
0%
Theo BerningAllemagne
0%
Theo BückerAllemagne
0%
Thomas HässlerAllemagne
0%
Thomas HelmerAllemagne
0%
Thomas HengenAllemagne
0%
Thomas KrothAllemagne
0%
Thomas MeissnerAllemagne
0%
Thorsten FinkAllemagne
0%
Tim GutberletAllemagne
0%
Timo AchenbachAllemagne
0%
Timo KonietzkaAllemagne
0%
Udo OckmannAllemagne
0%
Uli BittcherAllemagne
0%
Uwe GrauerAllemagne
0%
Uwe HünemeierAllemagne
0%
Victor IkpebaNigeria
0%
Walter HohnhausenAllemagne
0%
Walter LiebichAllemagne
0%
Werner DresselAllemagne
0%
Werner ErdmannAllemagne
0%
Werner FijalkowskiAllemagne
0%
Werner KöddermannAllemagne
0%
Werner LorantAllemagne
0%
Wilhelm BuddenbergAllemagne
0%
Wilhelm BurgsmüllerAllemagne
0%
Wilhelm KronsbeinAllemagne
0%
Willibald MikulaschAllemagne
0%
Willi BrockAllemagne
0%
Willi LippensPays-Bas
0%
Willi MummeAllemagne
0%
Willi NeubergerAllemagne
0%
Willy DunneyAllemagne
0%
Wolfgang de BeerAllemagne
0%
Wolfgang FeiersingerAutriche
0%
Wolfgang HombergAllemagne
0%
Yasin ÖztekinTurquie
0%
Zlatan AlomerovicAllemagne
0%

Distribution des résultats

Percentile par nombre de réponses

% des personnes avec chaque résultat

Votre développement - résultats

Vous n’avez pas pris ce quiz